000 00250 a2200097 4500
001 57448
100 _a
245 _aIntroduction to electronic warfare modeling and simulation
260 _aBoston
_bArtech House, Boston
_c2003
090 _c35179
_d35179
942 _aNUST-CAE
_c
_c27979
999 _c292521
_d292521